000 01080nam a2200229Ii 4500
003 JO-AjNU
005 20231210111144.0
008 230605s9999||||xx |||||||||||||| ||und||
040 _aJO-AjNU
_bara
_erda
_cJO-AjNU
041 _aara
100 _aالزعبي، خالد عبدالله علي
_964811
_eمعد
245 _aجودة التدقيق والعوامل المؤثرة على تقييم الاستمرارية في مكاتب التدقيق الأردنية = Audit Quality and Factors Affecting the Evaluation of Going Concern in the Audit Offices in Jordan
_c / اعداد خالد عبدالله علي الزعبي؛ اشراف محمود حسن قاقيش
260 _aاربد :
_bجامعة جدارا،
_c2012
300 _a87 ورقه
336 _atext
_btxt
_2rdacontent
337 _aunmediated
_bn
_2rdamedia
338 _avolume
_bnc
_2rdacarrier
500 _aرساله جامعية (ماجستير) - جامعة جدارا، 2012
650 _vمحاسبة-تدقيق
700 _aمحمود حسن قاقيش
_964738
_eمشرف
942 _2lcc
_cTHS
999 _c33028
_d33028